[Event "BCF-chT3N 1617 (4NCL)"]
[Site "England"]
[Date "2016.11.27"]
[Round "2.36"]
[White "Sadler, Anthony"]
[Black "Hilton, Tim"]
[Result "1-0"]
[WhiteElo "1900"]
[BlackElo "1930"]
[PlyCount "73"]
[EventDate "2016.11.26"]
[EventType "team-swiss"]
[EventRounds "11"]
[EventCountry "ENG"]
[SourceTitle "EXT 2019"]
[Source "ChessBase"]
[SourceDate "2018.10.10"]
[SourceVersion "1"]
[SourceVersionDate "2018.10.10"]
[SourceQuality "1"]
[WhiteTeam "Hounds and Bears"]
[BlackTeam "Manchester Manticores II"]
[WhiteTeamCountry "ENG"]
[BlackTeamCountry "ENG"]

1. d4 e6 2. Nf3 d5 3. Bf4 c5 4. e3 Nc6 5. c3 Nf6 6. Be2 Be7 7. Nbd2 0-0 8. h3 b6 9. 0-0 Bb7 10. Ne5 Nd7 11. Bh2 f6 12. Nxc6 Bxc6 13. f4 Bd6 14. Nf3 Qe7 15. c4 Rae8 16. Qd2 Bb7 17. Bd3 g6 18. Rad1 e5 19. dxe5 fxe5 20. fxe5 Nxe5 21. Bxe5 Bxe5 22. cxd5 Bxd5 23. Bb5 Bxf3 24. Rxf3 Rxf3 25. Bxe8 Rxe3 26. Bb5 Bd4 27. Kh1 Qe4 28. Kh2 Qf4+ 29. Kh1 Qh4 30. Rf1 Qg5 31. Qc2 Qe7 32. Bc4+ Kh8 33. Qd1 Qe4 34. Kh2 Be5+ 35. Kg1 Qxc4 36. Qd8+ Kg7 37. Qf8# 1-0